| 000 | 00952nam a2200253Ia 4500 | ||
|---|---|---|---|
| 003 | OSt | ||
| 005 | 20221002050238.0 | ||
| 006 | a|||||r|||| 00| 0 | ||
| 007 | ta | ||
| 008 | 220930b |||||||| |||| 00| 0 san d | ||
| 020 |
_a9788192553108 (hbk) _c1600 |
||
| 024 | _a16463 | ||
| 037 |
_b63, 27/01/2015, Motilal Banarsidass Publishers Pvt. Ltd. _cReference Collections |
||
| 040 |
_aCRL _cCRL _bsan |
||
| 041 |
_2san _asan |
||
| 082 | _aO151,1M87,MC, 15Q5.1-.4(RR) | ||
| 100 | _aसिरिगुणचंदगणी | ||
| 245 | 0 | _aमहावीर चरियं | |
| 260 |
_aमुंबई _b शिरीश संगवी _c2015 |
||
| 490 | _vभाग 1 | ||
| 650 | _aसंस्कृत साहित्य | ||
| 942 |
_hO151,1M87,MC, 15Q5.1-.4(RR) _cref _2CC |
||
| 999 |
_c914194 _d914194 |
||